| 000 | 00831nam a22002297a 4500 | ||
|---|---|---|---|
| 999 |
_c18205 _d18205 |
||
| 003 | AR-CdUCM | ||
| 008 | 190513b ||||| |||| 00| 0 spa d | ||
| 040 |
_aMUNICIPALIDAD PROVINCIAL DEL CUSCO _cBIBLIOTECA MUNICIPAL DEL CUSCO |
||
| 082 |
_a398 / _bF83 |
||
| 100 |
_aFreitas, Newton _938664 |
||
| 245 | _aCantos y leyendas Basileñas / | ||
| 260 |
_aBueno Aires : _bPoseidon, _c1943. |
||
| 300 |
_a296 paginas ; _bIlustraciones _c19 cm. |
||
| 440 |
_aColección todo para todos _938665 |
||
| 505 | _aContenido : La fiesta de la peña -- La fiesta del divino -- Reisados y chegancas -- Origen de las uananas -- Gente manau... | ||
| 650 |
_aCanto Brasileño _938666 |
||
| 650 |
_aLeyendas _92226 |
||
| 650 |
_aBrasil _91261 |
||
| 700 |
_aVarela, Lorenzo (Traducción) _938667 |
||
| 942 |
_2ddc _cLIBROS |
||
| 945 |
_awnts _d2019-05-13 |
||